000 01332cab a2200265 4500
001 ABS67522
008 040226n2004 000 0 eng u
035 _a(Sirsi) u125235
245 4 _aThe Housing Bill - current state of play
260 _c2004
490 _aResidential Renting
_v(25) February 2004, 9-11(3)
520 _aProvides an overview from the perspective of the private landlord. of the second draft of the Housing Bill presented on 8 December 2003. Notes that the measures causing most controversy and resistance among landlords are the licensing of houses in multiple occupation and the selective licensing of private landlords. Indicates that further provisions have been added to the Bill relating to right to buy, tenancy succession rights for unmarried different-sex and same-sex partners and the extension of eligibility of caravan occupiers for disabled facilities' grants.
590 _aABS
650 _aPRIVATE RENTED SECTOR
650 _aPRIVATE LANDLORDS
650 _aOWNER-OCCUPIED PROPERTY
650 _aHOUSING BILL
650 _aTENANCY RIGHTS
650 _aCARAVANS
650 _aLICENSING OF HOUSES IN MULTIPLE OCCUPATION
650 _aHOUSES IN MULTIPLE OCCUPATION
650 _aRIGHT TO BUY
690 _aPROPERTY-RESIDENTIAL PROPERTY-RESIDENTIAL PROPERTY MARKET
942 _n0
999 _c74170
_d74170